| 000 | 00898nas a2200313 4500 | ||
|---|---|---|---|
| 001 | BR0704850 | ||
| 003 | BR-BrBNA | ||
| 005 | 20231205110943.0 | ||
| 007 | ta | ||
| 008 | 230509b bl.|||p| |||| 00| 00por d | ||
| 040 |
_aBR-BrBNA _bpor _cBiblioteca Nacional de Agricultura |
||
| 041 | _a(Pt) | ||
| 072 | _aL74; L53 | ||
| 100 | 1 | _aLima-Verde, I.B. | |
| 100 | 1 | _aBruno, J.B. | |
| 100 | 1 | _aMatos, M.H.T. | |
| 100 | 1 | _aRodrigues, A.P.R. | |
| 100 | 1 | _aFigueiredo, J.R. | |
| 100 | 1 | _aOliveira, M.A.L. | |
| 100 | 1 | _aLima, P.F. | |
| 245 | 1 | _aImplicações do estresse oxidativo no ovario e no embrião mamifero | |
| 650 | _aMAMIFERO DOMESTICO | ||
| 650 | _aSTRESS | ||
| 650 | _aOVARIO | ||
| 650 | _aEMBRIÃO | ||
| 773 | 0 |
_tMedicina Veterinaria (Brazil) _xISSN 1809-4678 _g(Jan-Jun 2007), v. 1(1) p. 81-88 _wBR0704850 |
|
| 909 |
_a202311 _bLúcia _c55 _dLúcia Elande |
||
| 942 |
_2AGRIS _n0 _cANA |
||
| 999 |
_c189924 _d189924 |
||